000 01471nam a2200469 i 4500
001 40679
003 KOSZ 005
005 20200724105559.0
008 011102s2001 pl a f f |001 0 pol
015 _aPB 2001/17978
020 _a8301135379
040 _aWA N
_cWA N
_dKOSZ 005/HR
041 0 _apol
045 _a2001
080 _a504.05
080 _a628.517.2
080 _a534(07)
100 1 _aEngel, Zbigniew
_d(1933-2013)
_eAutor
245 1 0 _aOchrona środowiska przed drganiami i hałasem /
_cZbigniew Engel.
250 _aWyd. 2 popr. i uaktual.
260 _aWarszawa :
_bWydaw. Naukowe PWN,
_c2001.
300 _a500 s. :
_bil. ;
_c24 cm.
336 _2rdacontent
_aTekst
_btxt
337 _2rdamedia
_aBez urządzenia pośredniczącego
_bn
338 _2rdacarrier
_aWolumin
_bnc
380 _aKsiążki
380 _aPublikacje dydaktyczne
385 _mPoziom nauczania
_aSzkoły wyższe
388 _a2001-
504 _aBibliogr., akty prawne. - Indeks.
650 4 _aWpływ na środowisko
658 _aInżynieria i technika
658 _aOchrona środowiska
650 4 _aZwalczanie
650 4 _aDrgania
650 4 _aOchrona środowiska
655 4 _aPodręcznik
650 4 _aHałas
710 2 _aWydawnictwo Naukowe PWN
_4pbl.
856 _uhttp://koha.tu.koszalin.pl/cgi-bin/koha/opac-detail.pl?biblionumber=40679
_yKatalog online BPK
942 _2UKD
_cKS
999 _c40679
_d40679